A history of the British army. (Record no. 552034)
[ view plain ]
| 000 -LEADER | |
|---|---|
| fixed length control field | 00388nam a2200145 4500 |
| 082 ## - DEWEY DECIMAL CLASSIFICATION NUMBER | |
| Classification number | 355.00941 |
| Author Mark | FOR |
| 100 1# - MAIN ENTRY--PERSONAL NAME | |
| Personal name | Fortescue, J. W. |
| 9 (RLIN) | 49223 |
| 245 12 - TITLE STATEMENT | |
| Title | A history of the British army. |
| 250 ## - EDITION STATEMENT | |
| Edition statement | Vol VII |
| 260 ## - PUBLICATION, DISTRIBUTION, ETC. | |
| Place of publication, distribution, etc. | London, |
| Name of publisher, distributor, etc. | Macmillan, |
| Date of publication, distribution, etc. | 1809-1810. |
| 300 ## - PHYSICAL DESCRIPTION | |
| Extent | xxii, 661p; |
| Other physical details | maps. |
| Dimensions | 23 cm. |
| 526 ## - STUDY PROGRAM INFORMATION NOTE | |
| Program name | 0 |
| Interest level | 0 |
| Reading level | 0 |
| Title point value | 355_009410000000000_FOR |
| 650 ## - SUBJECT ADDED ENTRY--TOPICAL TERM | |
| Topical term or geographic name entry element | MCE |
| 9 (RLIN) | 379 |
| 942 ## - ADDED ENTRY ELEMENTS (KOHA) | |
| Source of classification or shelving scheme | |
| Koha item type | Book |
| Withdrawn status | Lost status | Source of classification or shelving scheme | Damaged status | Not for loan | Permanent Location | Current Location | Shelving location | Date acquired | Total Checkouts | Full call number | Barcode | Date last seen | Price effective from | Koha item type |
|---|---|---|---|---|---|---|---|---|---|---|---|---|---|---|
| Military College of Engineering (MCE) | Military College of Engineering (MCE) | 01/06/2015 | 355.00941 FOR | MCE-ECH / 37 | 01/06/2015 | 01/06/2015 | Book |
